Normal view
MARC view
- P.R.Chari
Entry Personal Name
001 - CONTROL NUMBER
- control field: 106416
003 - CONTROL NUMBER IDENTIFIER
- control field: NUST
005 - DATE AND TIME OF LATEST TRANSACTION
- control field: 20221229153617.0
008 - FIXED-LENGTH DATA ELEMENTS
- fixed length control field: 221229|| aca||aabn | a|a d
040 ## - CATALOGING SOURCE
- Original cataloging agency: NUST
- Transcribing agency: NUST
100 ## - HEADING--PERSONAL NAME
- Personal name: P.R.Chari
670 ## - SOURCE DATA FOUND
- Source citation: Work cat.: (NUST)194253: P.R.Chari, Nuclear Non-Proliferation in India and Pakistan South Asian Perspectives /, 1996
